Normal view
MARC view
Entry Personal Name
001 - CONTROL NUMBER
- control field: 10434
003 - CONTROL NUMBER IDENTIFIER
- control field: ARRUPE
005 - DATE AND TIME OF LATEST TRANSACTION
- control field: 20140521131938.0
008 - FIXED-LENGTH DATA ELEMENTS
- fixed length control field: 140521|| aca||aabn | a|a d
040 ## - CATALOGING SOURCE
- Original cataloging agency: ARRUPE
- Transcribing agency: ARRUPE
100 ## - HEADING--PERSONAL NAME
- Personal name: Farrar, F. W.
- Fuller form of name: (Frederic William),
- Dates associated with a name: 1831-1903.
670 ## - SOURCE DATA FOUND
- Source citation: Work cat.: (ARRUPE)0: Farrar, F. W. (Frederic William), 1831-1903., The life of Christ as represented in art,, 1900.